000 00457nam a2200181Ia 4500
001 16310
005 20260306170300.0
008 260306t2001||||xx |||||||||||||| ||und||
041 _aESP
082 _a347.946
_bP72
100 _aMoreno Catena, Víctor
_eAUT
245 0 _aLey orgánica del Poder Judicial y estatutos orgánicos
260 _c2001
300 _a790 páginas :
_c17 cm.
650 _aGEN
654 _aCDE
942 _cLIB
_dJUS
_fJUS
_2ddc
_n
999 _c16310
_d16310